Disarmament : (Record no. 24380)
[ view plain ]
| 000 -LEADER | |
|---|---|
| fixed length control field | 00854nam a2200265 a 4500 |
| 001 - CONTROL NUMBER | |
| control field | 24380 |
| 003 - CONTROL NUMBER IDENTIFIER | |
| rucl marc code | BD-RjUL |
| 005 - DATE AND TIME OF LATEST TRANSACTION | |
| control field | 20211209001037.0 |
| 008 - FIXED-LENGTH DATA ELEMENTS--GENERAL INFORMATION | |
| fixed length control field | 140314s1995 nyua b i000 0 eng |
| 020 ## - INTERNATIONAL STANDARD BOOK NUMBER | |
| International Standard Book Number | 9211422159 |
| 035 ## - SYSTEM CONTROL NUMBER | |
| System control number | (BD-RjUL)24446 |
| 040 ## - CATALOGING SOURCE | |
| Original cataloging agency | DLC |
| Transcribing agency | DLC |
| Modifying agency | DLC |
| -- | BD-RjUL |
| Language of cataloging | eng |
| 041 ## - LANGUAGE CODE | |
| Language code of text/sound track or separate title | eng |
| 082 00 - DEWEY DECIMAL CLASSIFICATION NUMBER | |
| Classification number | 327.174 |
| Edition number | 20 |
| Author mark and year | DIS 1995 |
| 245 00 - TITLE STATEMENT | |
| Title | Disarmament : |
| Remainder of title | the unfinished disarmament agenda / |
| Statement of responsibility, etc. | Special NGO Committee for Disarmament, Geneva, February 1995. |
| 260 ## - PUBLICATION, DISTRIBUTION, ETC. (IMPRINT) | |
| Place of publication, distribution, etc. | New York : |
| Name of publisher, distributor, etc. | United Nations, |
| Date of publication, distribution, etc. | c1995. |
| 300 ## - PHYSICAL DESCRIPTION | |
| Pagination | 66 p. : |
| Illustrations | ill. ; |
| Size | 28 cm. |
| 500 ## - GENERAL NOTE | |
| General note | "United Nations publication, sales no. E.95.IX.3." |
| 504 ## - BIBLIOGRAPHY, ETC. NOTE | |
| Bibliography, etc | Includes bibliographical references. |
| 650 #0 - SUBJECT ADDED ENTRY--TOPICAL TERM | |
| Topical term or geographic name as entry element | Disarmament. |
| 9 (RLIN) | 75057 |
| 710 2# - ADDED ENTRY--CORPORATE NAME | |
| Corporate name or jurisdiction name as entry element | Special NGO Disarmament Committee. |
| 9 (RLIN) | 75058 |
| 942 ## - ADDED ENTRY ELEMENTS (KOHA) | |
| Source of classification or shelving scheme | Dewey Decimal Classification |
| Koha item type | Books |
| Lost status | Source of classification or shelving scheme | Damaged status | Not for loan | Collection code | Permanent Location | Current Location | Shelving location | Date acquired | Source of acquisition | Total Checkouts | Full call number | Date last seen | Copy number | Koha item type |
|---|---|---|---|---|---|---|---|---|---|---|---|---|---|---|
| Dewey Decimal Classification | Added to bundle | Non-fiction | Central Library, University of Rajshahi | Central Library, University of Rajshahi | Reading Room | 01/10/1995 | Register office, RU | 327.174 DIS 1995 | 13/03/2014 | C-1 | Books |